[Event "Bialystok Bieluczyk Memorial-B"]
[Site "Bialystok"]
[Date "2011.07.??"]
[Round "4"]
[White "Ocytko, Michal"]
[Black "Grabarczyk, Edmund"]
[Result "0-1"]
[WhiteElo "1337"]
[BlackElo "1501"]
[PlyCount "108"]
[EventDate "2011.07.??"]
[EventType "swiss"]
[EventRounds "9"]
[EventCountry "POL"]
[SourceTitle "EXT 2014"]
[Source "ChessBase"]
[SourceDate "2013.11.20"]
[SourceVersion "1"]
[SourceVersionDate "2013.11.20"]
[SourceQuality "1"]

1. d4 d5 2. Nf3 Nc6 3. g3 g6 4. c3 Bg7 5. Bg2 Nf6 6. Nbd2 0-0 7. 0-0 Re8 8. Re1 e5 9. dxe5 Nxe5 10. Nxe5 Rxe5 11. Nf3 Re8 12. Bg5 c6 13. Bxf6 Bxf6 14. Qb3 Rb8 15. e3 a5 16. Nd4 Bd7 17. a4 Re5 18. Qc2 b5 19. axb5 cxb5 20. e4 dxe4 21. Rxe4 b4 22. Rxe5 Bxe5 23. Nc6 Bxc6 24. Bxc6 bxc3 25. b3 Qd2 26. Be4 Bd4 27. Qxd2 cxd2 28. Rd1 Bc3 29. Bd5 Re8 30. Bf3 Bb4 31. Kf1 Rd8 32. Be2 h5 33. h4 Kg7 34. Kg2 Ba3 35. Kf1 Bc1 36. Kg2 Kf6 37. Kf3 Ke5 38. Ke3 f5 39. f4+ Kf6 40. Kf3 Rd4 41. Ke3 Re4+ 42. Kf3 Ke7 43. Kf2 Kd6 44. Kf3 Kc5 45. Kf2 Kb4 46. Rh1 Kxb3 47. Bd1+ Kc3 48. Rf1 a4 49. Bxa4 Rxa4 50. Ke2 Re4+ 51. Kd1 Re3 52. Rg1 Kd3 53. Rh1 Rxg3 54. Rf1 Rh3 0-1

[Event "Bialystok qual-B"]
[Site "Bialystok"]
[Date "2011.05.??"]
[Round "1"]
[White "Bartoszewski, Marcin"]
[Black "Grabarczyk, Edmund"]
[Result "1-0"]
[WhiteElo "2144"]
[BlackElo "1501"]
[PlyCount "75"]
[EventDate "2011.05.??"]
[EventType "swiss"]
[EventRounds "9"]
[EventCountry "POL"]
[SourceTitle "EXT 2014"]
[Source "ChessBase"]
[SourceDate "2013.11.20"]
[SourceVersion "1"]
[SourceVersionDate "2013.11.20"]
[SourceQuality "1"]

1. e4 c5 2. Nf3 Nc6 3. d4 cxd4 4. Nxd4 Nf6 5. Nc3 g6 6. Be3 Bg7 7. Bc4 0-0 8. Bb3 Na5 9. f3 e5 10. Ndb5 Nxb3 11. axb3 d5 12. Nxd5 Nxe4 13. fxe4 Qh4+ 14. Bf2 Qxe4+ 15. Kf1 Bg4 16. Qd3 Be2+ 17. Qxe2 Qxd5 18. Nc7 Qd7 19. Nxa8 Rxa8 20. h4 e4 21. c3 Qe6 22. b4 b6 23. Rh3 f5 24. Rd1 f4 25. Bd4 f3 26. Qf2 fxg2+ 27. Qxg2 Rd8 28. Re3 Qb3 29. Qe2 Bh6 30. Rxe4 Rf8+ 31. Kg1 Qd5 32. Re8 Qd6 33. Rxf8+ Bxf8 34. Qf3 Qe7 35. Qf4 Qe2 36. Rf1 Qe7 37. Qf3 g5 38. Qd5+ 1-0

[Event "Bialystok qual-B"]
[Site "Bialystok"]
[Date "2011.05.??"]
[Round "7"]
[White "Burakowska, Gabriela"]
[Black "Grabarczyk, Edmund"]
[Result "1-0"]
[WhiteElo "1560"]
[BlackElo "1501"]
[PlyCount "71"]
[EventDate "2011.05.??"]
[EventType "swiss"]
[EventRounds "9"]
[EventCountry "POL"]
[SourceTitle "EXT 2014"]
[Source "ChessBase"]
[SourceDate "2013.11.20"]
[SourceVersion "1"]
[SourceVersionDate "2013.11.20"]
[SourceQuality "1"]

1. d4 Nf6 2. Nf3 g6 3. Bf4 Bg7 4. e3 d6 5. Be2 Nh5 6. Bg3 c5 7. c3 Qb6 8. Qc2 Nxg3 9. hxg3 Bg4 10. Nbd2 Nd7 11. Nc4 Qc7 12. Ncd2 a6 13. a4 d5 14. Rc1 f6 15. Bd3 0-0-0 16. dxc5 Nxc5 17. b4 Nd7 18. b5 a5 19. c4 Nc5 20. Be2 b6 21. cxd5 Rxd5 22. Nd4 Bxe2 23. Kxe2 Kb7 24. Qc4 Qd6 25. N2b3 e5 26. Nf3 Nxb3 27. Qxb3 Rd8 28. Qb2 h5 29. Rc6 Qb4 30. Qc2 R8d7 31. Rc1 Qe7 32. e4 R5d6 33. Rxd6 Rxd6 34. Qc8+ Ka7 35. Qa6+ Kb8 36. Rc8# 1-0

[Event "Bialystok qual-B"]
[Site "Bialystok"]
[Date "2011.05.??"]
[Round "3"]
[White "Gorbacz, Filip"]
[Black "Grabarczyk, Edmund"]
[Result "1-0"]
[WhiteElo "1668"]
[BlackElo "1501"]
[PlyCount "67"]
[EventDate "2011.05.??"]
[EventType "swiss"]
[EventRounds "9"]
[EventCountry "POL"]
[SourceTitle "EXT 2014"]
[Source "ChessBase"]
[SourceDate "2013.11.20"]
[SourceVersion "1"]
[SourceVersionDate "2013.11.20"]
[SourceQuality "1"]

1. e4 c5 2. Nf3 e6 3. d4 cxd4 4. Nxd4 Nf6 5. Bd3 Nc6 6. Ne2 Bc5 7. 0-0 0-0 8. Bg5 h6 9. Bh4 g5 10. Bg3 Nh5 11. Nbc3 d5 12. exd5 exd5 13. Kh1 Bg4 14. f3 Be6 15. Qd2 f5 16. f4 g4 17. a3 a6 18. Rae1 b5 19. Bf2 Bxf2 20. Rxf2 Qd6 21. Ng3 Nxg3+ 22. hxg3 Kg7 23. Rfe2 Bd7 24. Na2 h5 25. Nb4 Rf7 26. Nxc6 Bxc6 27. Re6 Qd7 28. Qc3+ d4 29. Qxc6 Qxc6 30. Rxc6 Rh8 31. Ree6 h4 32. Rg6+ Kh7 33. Rh6+ Kg8 34. Rc8+ 1-0